000 00974nas a2200277 4500
001 BR0200637
003 BR-BrBNA
005 20231205102736.0
007 ta
008 230509b bl.|||p| |||| 00| 00por d
040 _aBR-BrBNA
_bpor
_cBiblioteca Nacional de Agricultura
041 _a(Pt)
072 _aL01; L53
100 1 _aTulio, D.M.
100 1 _aKozicki, L.H.
111 1 _a14. Congresso Brasileiro de Reprodução Animal
_cBelo Horizonte, MG (Brazil)
_d1-5 Aug 2001
245 1 _aExame sonográfico em éguas da raça Puro Sangue Inglês, realizados no último mês de gestação, visando a avaliação do perfil biofísico fetal
650 _aÉGUA
650 _aPURO SANGUE INGLÊS
650 _aPRENHEZ
650 _aULTRA-SOM
650 _aRAÇA
773 0 _tRevista Brasileira de Reprodução Animal (Brazil)
_xISSN 0102-0803
_g(Jul-Sep 2001), v. 25(3) p. 367-369
_wBR0200637
909 _a202311
_bLúcia
_c55
_dLúcia Elande
942 _2AGRIS
_n0
_cANA
999 _c169095
_d169095